Bates' guide to physical examination and history taking / (Record no. 58437)

MARC details
000 -LEADER
fixed length control field 00713nam a22002177a 4500
005 - DATE AND TIME OF LATEST TRANSACTION
control field 20260305084758.0
008 - FIXED-LENGTH DATA ELEMENTS--GENERAL INFORMATION
fixed length control field 230316b ||||| |||| 00| 0 eng d
020 ## - INTERNATIONAL STANDARD BOOK NUMBER
International Standard Book Number 9781469893419
050 ## - LIBRARY OF CONGRESS CALL NUMBER
Classification number RC76
Item number .B38 2017
100 ## - MAIN ENTRY--PERSONAL NAME
Personal name Bickley, Lynn S.
245 ## - TITLE STATEMENT
Title Bates' guide to physical examination and history taking /
250 ## - EDITION STATEMENT
Edition statement 12th ed.
260 ## - PUBLICATION, DISTRIBUTION, ETC. (IMPRINT)
Place of publication, distribution, etc Philadelphia :
Name of publisher, distributor, etc Wolters Kluwer,
Date of publication, distribution, etc c2017
300 ## - PHYSICAL DESCRIPTION
Extent xxviii, 1034 p. :
Other physical details ill. (chiefly color) ;
Dimensions 29 cm
500 ## - GENERAL NOTE
General note Includes bibliographical references and index.
650 ## - SUBJECT ADDED ENTRY--TOPICAL TERM
Topical term or geographic name as entry element Physical Examination
General subdivision methods
650 ## - SUBJECT ADDED ENTRY--TOPICAL TERM
Topical term or geographic name as entry element Medical History Taking
Form subdivision methods
700 ## - ADDED ENTRY--PERSONAL NAME
Personal name Szilagyi, Peter G.,
700 ## - ADDED ENTRY--PERSONAL NAME
Personal name Hoffman, Richard M.,
942 ## - ADDED ENTRY ELEMENTS (KOHA)
Source of classification or shelving scheme Library of Congress Classification
Item type Book
Holdings
Withdrawn status Lost status Source of classification or shelving scheme Damaged status Not for loan Collection code Home library Current library Shelving location Date acquired Source of acquisition Cost, normal purchase price Total Checkouts Total Renewals Full call number Barcode Date last seen Date last borrowed Copy number Cost, replacement price Price effective from Koha item type
    Library of Congress Classification     Non-fiction Bishop Okullu Memorial Library (Limuru Campus) Bishop Okullu Memorial Library (Limuru Campus) General Circulation 16/03/2023 Donation 15367.00 3 1 RC76 .B38 2017 069761 22/03/2024 26/02/2024 1 15367.00 16/03/2023 Book
    Library of Congress Classification     Non-fiction Bishop Okullu Memorial Library (Limuru Campus) Bishop Okullu Memorial Library (Limuru Campus) General Circulation 19/04/2023 Donation 5875.00     RC76 .B38 2017 070216 19/04/2023   2   19/04/2023 Book
    Library of Congress Classification     Non-fiction Bishop Okullu Memorial Library (Limuru Campus) Bishop Okullu Memorial Library (Limuru Campus) General Circulation 05/03/2026 Donations-Pittsburg 3119.00     RC76 .B38 2017 073147 05/03/2026   3   05/03/2026 Book
    Library of Congress Classification   Not For Loan Non-fiction Bishop Okullu Memorial Library (Limuru Campus) Bishop Okullu Memorial Library (Limuru Campus) General Circulation 14/04/2026 Donation- Pittsburgh 16770.00     RC76 .B38 2017 073318 14/04/2026       14/04/2026 Book